00573 2200205 4500001002100000005001500021035002000036007000300056008004100059020002200100082001000122084001600132100001600148245005300164250002000217260004400237300004300281650001600324700002700340INLIS00000000113895920220121095236 a0010-0122004114ta220121 0 ind  a978-602-00-2977-1 aF 813 aF 813 SA t0 aSaito Chiho1 aThe Best Selection Of Saito Chiho /cSaito Chiho aCetakan Pertama aJakarta :bElex Media Komputindo,c2012 a250 halaman :bilustrasi ;c17 x 11 cm 4aFiksi Komik0 aPenerjemah : Anita P.L